000 01000cam a2200349Ma 4500
001 92888
005 20230410130520.0
008 080221s2008 fr a b 001 0 fre d
035 _a(OCoLC)ocn317463441
040 _aLVB
_bfre
_cLVB
_dBDF
020 _a9782226180797
020 _a2226180796
029 1 _aZWZ
_b122868196
035 _a(OCoLC)317463441
041 0 _afre
_achi
043 _aa-cc---
049 _aGRAL
050 1 4 _aPL 1281
_bJ41c 2008
082 0 0 _a490
100 1 _aJavary, Cyrille.
245 1 0 _a100 mots pour comprendre les Chinois /
_cCyrille J.-D. Javary.
246 3 _aCent mots pour comprendre les Chinois
260 _aParis :
_bAlbin Michel,
_c2008.
300 _a344 p. :
_bill. ;
_c21 cm.
504 _aBibliogr.: p. 337-338.
650 6 _aChinois (Langue)
_xEcriture
_xPhilosophie.
650 0 _aChinese (Language)
_xwriting
_xPhilosophy.
650 4 _aChino (Idioma)
_xEscribir
_xFilosofĂ­a.
942 _2lcc
_cbk
994 _aC0
_bDRFGD
946 _aJP
999 _c75425
_d75425